000 00704nam a2200217Ia 4500
005 20251020182617.0
008 200515s9999 xx 000 0 und d
082 _aSC/694/I54
110 _aIninvi
245 0 _aDiseño y construcción con madera : Norma Técnica de Edificación E.102
260 _aLima
260 _c1994
300 _a75
520 _aResultados de las investigaciones llevadas a cabo en los últimos años, especialmente los relacionados con la madera de bosque tropical, que es la que existe en mayor abundancia en nuestro país
650 _aCONSTRUCCIONES DE MADERA
650 _aE-102
650 _aMADERA
650 _aNORMAS
650 _aPUB ININVI
942 _cLIB
999 _c3533
_d3533